[Event "Guernsey Open 2013"]
[Site "Guernsey GCI"]
[Date "2013.10.20"]
[Round "1"]
[White "Colin, Vincent"]
[Black "Burton, Ronnie"]
[Result "1-0"]
[WhiteElo "2412"]
[BlackElo "1993"]
[PlyCount "61"]
[EventDate "2013.10.20"]
[EventType "swiss"]
[EventRounds "7"]

1. d4 e6 2. e4 c5 3. d5 exd5 4. exd5 d6 5. Bd3 Nf6 6. Nc3 Be7 7. Nge2 O-O 8. h3
Na6 9. Ng3 Re8 10. O-O Nb4 11. Be2 Bd7 12. Bf4 Bf8 13. Qd2 h6 14. Rfe1 Rb8 15.
Bf3 Qc7 16. a3 Na6 17. Nce4 Nxe4 18. Bxe4 Re7 19. Re2 Rbe8 20. Rae1 c4 21. Qc3
f5 22. Bxf5 Bxf5 23. Rxe7 Rxe7 24. Nxf5 Rf7 25. g4 b5 26. Qg3 Qc5 27. Bxd6 Qxd5
28. Re8 Qb7 29. Qf4 Qd7 30. Rxf8+ Rxf8 31. Nxh6+ 1-0

[Event "Guernsey Open 2013"]
[Site "Guernsey GCI"]
[Date "2013.10.20"]
[Round "1"]
[White "Dijksterhuis, Rolf"]
[Black "Houska, Jovanka"]
[Result "0-1"]
[WhiteElo "1988"]
[BlackElo "2401"]
[PlyCount "50"]
[EventDate "2013.10.20"]
[EventType "swiss"]
[EventRounds "7"]

1. d4 d5 2. c4 e6 3. Nc3 Be7 4. Nf3 Nf6 5. e3 O-O 6. Bd3 dxc4 7. Bxc4 a6 8. a4
c5 9. O-O b6 10. b3 Bb7 11. Ba3 Nbd7 12. dxc5 Nxc5 13. Qe2 Qc7 14. Rfc1 Ng4 15.
e4 Ne5 16. b4 Ncd7 17. Bb3 Nxf3+ 18. Qxf3 Qe5 19. Qg3 Rac8 20. f4 Qd4+ 21. Qf2
Bf6 22. e5 Nxe5 23. fxe5 Bxe5 24. Bb2 Bxh2+ 25. Kf1 Qd3+ 0-1

[Event "Guernsey Open 2013"]
[Site "Guernsey GCI"]
[Date "2013.10.20"]
[Round "1"]
[White "Adrian, Claude"]
[Black "Hickman, John"]
[Result "1-0"]
[WhiteElo "2238"]
[BlackElo "1986"]
[PlyCount "61"]
[EventDate "2013.10.20"]
[EventType "swiss"]
[EventRounds "7"]

1. Nf3 d6 2. d4 g6 3. g3 Bg7 4. c4 Nf6 5. Bg2 O-O 6. O-O Nbd7 7. Qc2 e5 8. e4
exd4 9. Nxd4 Re8 10. Nc3 c6 11. h3 Nc5 12. Be3 Qe7 13. Rfe1 a5 14. Rad1 Nfd7
15. b3 Na6 16. Qd2 Ndc5 17. Kh2 Nb4 18. Bf1 Qc7 19. Nf3 Nxe4 20. Nxe4 Rxe4 21.
a3 Na6 22. Bb6 Qxb6 23. Rxe4 Bf5 24. Qe3 Nc5 25. Re8+ Rxe8 26. Qxe8+ Bf8 27.
Ng5 Be6 28. Re1 Nd3 29. Nxe6 Qxf2+ 30. Bg2 fxe6 31. Rf1 1-0

[Event "Guernsey Open 2013"]
[Site "Guernsey GCI"]
[Date "2013.10.20"]
[Round "1"]
[White "Hawkins, J Nick"]
[Black "Prakken, Gerrit"]
[Result "0-1"]
[WhiteElo "1981"]
[BlackElo "2195"]
[PlyCount "90"]
[EventDate "2013.10.20"]
[EventType "swiss"]
[EventRounds "7"]

1. e4 e5 2. Nf3 Nc6 3. Nc3 Nf6 4. d4 exd4 5. Nxd4 Bc5 6. Be3 Bb6 7. Be2 O-O 8.
Nxc6 bxc6 9. Bxb6 axb6 10. O-O d6 11. Bd3 Ng4 12. Be2 Qh4 13. h3 Nh6 14. f4 f5
15. Qe1 Qf6 16. Bd3 Bd7 17. Qf2 Kh8 18. Rae1 Rae8 19. exf5 Nxf5 20. g4 Ne7 21.
Kh2 Ng6 22. Bxg6 Qxg6 23. f5 Qf6 24. Rxe8 Rxe8 25. Re1 Rxe1 26. Qxe1 h5 27. Kg3
h4+ 28. Kh2 d5 29. Kg1 Kg8 30. Nd1 Qd4+ 31. Nf2 Kf8 32. c3 Qf6 33. Nd3 c5 34.
Ne5 Be8 35. Nf3 g5 36. Qd2 Qd6 37. Nxg5 Qg3+ 38. Kh1 d4 39. Nh7+ Kf7 40. Ng5+
Kg8 41. Qg2 Qe1+ 42. Kh2 Qe5+ 43. Kg1 Qe3+ 44. Qf2 Qxg5 45. cxd4 Qc1+ 0-1

[Event "Guernsey Open 2013"]
[Site "Guernsey GCI"]
[Date "2013.10.20"]
[Round "1"]
[White "Morcom, Huw"]
[Black "Jackson, Oliver"]
[Result "0-1"]
[WhiteElo "1976"]
[BlackElo "2157"]
[PlyCount "62"]
[EventDate "2013.10.20"]
[EventType "swiss"]
[EventRounds "7"]

1. e4 c5 2. Nf3 e6 3. d3 Nc6 4. g3 g6 5. Bg2 Bg7 6. O-O Nge7 7. Nbd2 O-O 8. Re1
d6 9. Rb1 Rb8 10. Nf1 b5 11. h4 b4 12. Ne3 d5 13. Bd2 a5 14. h5 a4 15. hxg6
fxg6 16. b3 Nd4 17. Ng4 Nec6 18. Be3 Nxf3+ 19. Bxf3 Nd4 20. Bg2 h5 21. Nh2 Rb7
22. Bxd4 Bxd4 23. Nf3 Bc3 24. Rf1 Rbf7 25. bxa4 e5 26. Nh4 Bd4 27. Kh2 Bxf2 28.
Rxf2 Rxf2 29. Nxg6 Bg4 30. Qc1 Bf3 31. Nxf8 Rxg2+ 0-1

[Event "Guernsey Open 2013"]
[Site "Guernsey GCI"]
[Date "2013.10.20"]
[Round "1"]
[White "Hagesaether, Arne"]
[Black "Bakker, Joop"]
[Result "1-0"]
[WhiteElo "2140"]
[BlackElo "1971"]
[PlyCount "51"]
[EventDate "2013.10.20"]
[EventType "swiss"]
[EventRounds "7"]

1. e4 b6 2. Nc3 Bb7 3. f4 e6 4. Nf3 Bb4 5. Qe2 Ne7 6. Nd1 Ng6 7. g3 O-O 8. c3
Be7 9. Bg2 f5 10. exf5 exf5 11. Ne3 Bc5 12. Ng5 Bxg2 13. Qxg2 c6 14. d4 Be7 15.
h4 h6 16. h5 Nh8 17. Nf3 Qe8 18. Bd2 a5 19. O-O-O Qf7 20. Kb1 Bd6 21. Nh4 Qxh5
22. Nhxf5 Qg6 23. Qe4 Na6 24. Rh4 Rae8 25. Qc2 Nc7 26. Rg4 1-0

[Event "Guernsey Open 2013"]
[Site "Guernsey GCI"]
[Date "2013.10.20"]
[Round "1"]
[White "Rowe, Peter"]
[Black "Dilleigh, Steve"]
[Result "1/2-1/2"]
[WhiteElo "1971"]
[BlackElo "2135"]
[PlyCount "74"]
[EventDate "2013.10.20"]
[EventType "swiss"]
[EventRounds "7"]

1. d4 d5 2. Nf3 Nf6 3. Bf4 c5 4. e3 Nc6 5. c3 Qb6 6. Qc2 Bg4 7. Nbd2 e6 8. h3
Bf5 9. dxc5 Bxc5 10. Qb3 h6 11. Qxb6 Bxb6 12. Ne5 Nxe5 13. Bxe5 Ke7 14. Be2
Rac8 15. O-O Bc7 16. Bxc7 Rxc7 17. Nf3 a6 18. a4 Nd7 19. Nd4 Bh7 20. f4 Nc5 21.
g4 Bd3 22. Bxd3 Nxd3 23. Ra2 Nc5 24. Kg2 Ne4 25. Rd1 Rhc8 26. Ne2 Rd7 27. Kf3
Rd6 28. Rd4 Rdc6 29. Rb4 Nd6 30. Nd4 R6c7 31. Ke2 g6 32. Ra1 Rh8 33. Nf3 h5 34.
g5 Rhc8 35. Ne5 Ne4 36. Ra3 Nc5 37. Ra1 Nd7 1/2-1/2

[Event "Guernsey Open 2013"]
[Site "Guernsey GCI"]
[Date "2013.10.20"]
[Round "1"]
[White "Reijneveld, Ad"]
[Black "Canonne, Antoine"]
[Result "1/2-1/2"]
[WhiteElo "2135"]
[BlackElo "1970"]
[PlyCount "48"]
[EventDate "2013.10.20"]
[EventType "swiss"]
[EventRounds "7"]

1. e4 c5 2. Nf3 e6 3. d4 cxd4 4. Nxd4 Bc5 5. Nb3 Bb6 6. Bd3 Ne7 7. c4 O-O 8.
Nc3 Nbc6 9. O-O f5 10. c5 Bc7 11. Nb5 f4 12. f3 Be5 13. Rb1 b6 14. Kh1 bxc5 15.
Nxc5 d6 16. Nb3 Rf6 17. Bd2 a6 18. Nc3 Rh6 19. g4 Bb7 20. Be1 Rc8 21. Be2 Ng6
22. Bf2 Bf6 23. Qe1 Nge5 24. Rd1 Qe7 1/2-1/2

[Event "Guernsey Open 2013"]
[Site "Guernsey GCI"]
[Date "2013.10.20"]
[Round "1"]
[White "Von Saldern, Ruediger"]
[Black "Purdon, Colin"]
[Result "0-1"]
[WhiteElo "1962"]
[BlackElo "2132"]
[PlyCount "70"]
[EventDate "2013.10.20"]
[EventType "swiss"]
[EventRounds "7"]

1. d4 d5 2. Nf3 Nf6 3. c4 c6 4. Nc3 dxc4 5. a4 Bf5 6. e3 e6 7. Bxc4 Bb4 8. O-O
O-O 9. Qe2 Bg6 10. Na2 Bd6 11. b4 Nbd7 12. b5 Qc7 13. Bb2 Bh5 14. h3 Ne4 15.
Rac1 Qa5 16. bxc6 bxc6 17. Nc3 Ng5 18. g4 Nxh3+ 19. Kg2 Bxg4 20. Ne4 Qh5 21.
Rh1 Be7 22. Bd3 f5 23. Ned2 Rab8 24. Ba1 Qg6 25. Kf1 Ng5 26. Rxc6 Bb4 27. Bc3
Bxc3 28. Rxc3 Rb2 29. Rc2 Rxc2 30. Bxc2 Rc8 31. Bd1 Rc1 32. Ke1 Qe8 33. Rg1 Qh5
34. Rxg4 Qxg4 35. Qb5 Nxf3+ 0-1

[Event "Guernsey Open 2013"]
[Site "Guernsey GCI"]
[Date "2013.10.20"]
[Round "1"]
[White "Klein, Gernot"]
[Black "Lenier, Jude"]
[Result "0-1"]
[WhiteElo "1942"]
[BlackElo "2121"]
[PlyCount "62"]
[EventDate "2013.10.20"]
[EventType "swiss"]
[EventRounds "7"]

1. e4 e5 2. Nf3 Nc6 3. Bb5 a6 4. Ba4 Nf6 5. d3 b5 6. Bb3 Bc5 7. O-O d6 8. c3
Bb6 9. h3 Ne7 10. a4 Bb7 11. Re1 O-O 12. Bg5 Ng6 13. Nbd2 h6 14. Be3 c5 15. Nf1
d5 16. exd5 Nxd5 17. Ng3 Nxe3 18. fxe3 Qc7 19. Ne4 c4 20. Bc2 cxd3 21. Qxd3 f5
22. Qd6 fxe4 23. Qxg6 Rf6 24. Qg4 exf3 25. Red1 Bxe3+ 26. Kf1 fxg2+ 27. Ke2 Qc5
28. b4 Rf2+ 29. Ke1 Rf1+ 30. Ke2 Bf3+ 31. Qxf3 g1=N+ 0-1

[Event "Guernsey Open 2013"]
[Site "Guernsey GCI"]
[Date "2013.10.20"]
[Round "1"]
[White "Wismayer, Clive R"]
[Black "De Kruif, Kees"]
[Result "0-1"]
[WhiteElo "2110"]
[BlackElo "1930"]
[PlyCount "48"]
[EventDate "2013.10.20"]
[EventType "swiss"]
[EventRounds "7"]

1. Nf3 c5 2. b3 Nf6 3. Bb2 d6 4. e3 e6 5. c4 Be7 6. Nc3 O-O 7. Be2 a6 8. O-O
Nc6 9. Rc1 Rb8 10. d4 Qa5 11. d5 Na7 12. Qc2 b5 13. Bd3 bxc4 14. bxc4 e5 15.
Nd2 h6 16. h3 Bd7 17. Kh2 Nc8 18. g4 Qc7 19. f4 Bxg4 20. fxe5 dxe5 21. e4 Qd7
22. Nd1 Bxh3 23. Ne3 Bxf1 24. Rxf1 Ng4+ 0-1

[Event "Guernsey Open 2013"]
[Site "Guernsey GCI"]
[Date "2013.10.20"]
[Round "1"]
[White "Hoare, Amy"]
[Black "Heppell, Ian N"]
[Result "1-0"]
[WhiteElo "1930"]
[BlackElo "2106"]
[PlyCount "57"]
[EventDate "2013.10.20"]
[EventType "swiss"]
[EventRounds "7"]

1. e4 e5 2. Bc4 Nf6 3. d3 c6 4. Nf3 Be7 5. O-O d6 6. Re1 O-O 7. Bb3 Nbd7 8. c3
Qc7 9. Nbd2 d5 10. Nf1 dxe4 11. dxe4 Nc5 12. Bc2 Rd8 13. Qe2 Ne6 14. Ng5 h6 15.
Nxe6 Bxe6 16. Ng3 Bc5 17. h3 a5 18. Qf3 Qb6 19. Nf5 Kh7 20. b3 Rd7 21. Re2 Rad8
22. Nxh6 Rd1+ 23. Bxd1 Rxd1+ 24. Kh2 Rxc1 25. Rxc1 Kxh6 26. g4 Nh7 27. Qg3 g6
28. Qxe5 Ng5 29. Qh8+ 1-0

[Event "Guernsey Open 2013"]
[Site "Guernsey GCI"]
[Date "2013.10.20"]
[Round "1"]
[White "Sikkel, Dirk"]
[Black "Taylor, Mark V"]
[Result "1-0"]
[WhiteElo "1923"]
[BlackElo "2087"]
[PlyCount "87"]
[EventDate "2013.10.20"]
[EventType "swiss"]
[EventRounds "7"]

1. e4 e6 2. d4 d5 3. Nd2 Nc6 4. c3 e5 5. dxe5 Nxe5 6. Ndf3 Nxf3+ 7. Nxf3 Nf6 8.
e5 Ne4 9. Bd3 Bd7 10. O-O Be7 11. Re1 O-O 12. Bxe4 dxe4 13. Rxe4 Bc6 14. Rd4
Qc8 15. Qe2 Bc5 16. Rd1 Qg4 17. h3 Qg6 18. b4 Bb6 19. b5 Be4 20. Be3 Rad8 21.
Nh4 Bd3 22. Qf3 Qe4 23. Qxe4 Bxe4 24. Bxb6 axb6 25. f4 Rfe8 26. Nf3 Bxf3 27.
gxf3 Kf8 28. Rd4 Rxd4 29. cxd4 Ra8 30. Kf2 Ra3 31. Kg3 Ke7 32. f5 Rd3 33. Rc1
Kd7 34. Rc4 c6 35. a4 cxb5 36. axb5 g6 37. fxg6 hxg6 38. Rb4 Ke6 39. Kg4 Rd1
40. Kf4 Rh1 41. Rc4 Rb1 42. Rc7 f6 43. d5+ Kxd5 44. exf6 1-0

[Event "Guernsey Open 2013"]
[Site "Guernsey GCI"]
[Date "2013.10.20"]
[Round "1"]
[White "Collier, David"]
[Black "Fassaert, Desire JM"]
[Result "1/2-1/2"]
[WhiteElo "2074"]
[BlackElo "1919"]
[PlyCount "46"]
[EventDate "2013.10.20"]
[EventType "swiss"]
[EventRounds "7"]

1. d4 Nf6 2. c4 e6 3. Nf3 Bb4+ 4. Bd2 Qe7 5. g3 O-O 6. Bg2 Bxd2+ 7. Nbxd2 d6 8.
e4 e5 9. O-O Bg4 10. d5 a5 11. h3 Bxf3 12. Qxf3 Nbd7 13. Rfb1 b6 14. b3 g6 15.
Qe2 Nh5 16. Rf1 Qg5 17. h4 Qe7 18. Bh3 Qe8 19. Qg4 Rd8 20. Rae1 Nhf6 21. Qg5
Kg7 22. Nb1 Nc5 23. Nc3 Nh5 1/2-1/2

[Event "Guernsey Open 2013"]
[Site "Guernsey GCI"]
[Date "2013.10.20"]
[Round "1"]
[White "Joualt, Louis"]
[Black "Havenaar, Jan"]
[Result "0-1"]
[WhiteElo "1917"]
[BlackElo "2072"]
[PlyCount "60"]
[EventDate "2013.10.20"]
[EventType "swiss"]
[EventRounds "7"]

1. e4 c5 2. Nf3 Nf6 3. Nc3 Nc6 4. Bb5 Qc7 5. Bxc6 Qxc6 6. Qe2 a6 7. d4 e6 8.
Bf4 b5 9. d5 Qb6 10. O-O c4 11. a4 Bb7 12. a5 Qd8 13. dxe6 dxe6 14. Rfd1 Qc8
15. e5 Nd5 16. Bg5 h6 17. Bd2 Be7 18. Ne4 Qc7 19. Be3 O-O 20. c3 Rfd8 21. g4
Nxe3 22. Qxe3 Qc6 23. Rxd8+ Rxd8 24. Re1 Rd3 25. Qf4 g5 26. Qg3 Qd5 27. Kg2 Rd1
28. Rxd1 Qxd1 29. Nfxg5 hxg5 30. Qe3 Qxg4+ 0-1

[Event "Guernsey Open 2013"]
[Site "Guernsey GCI"]
[Date "2013.10.20"]
[Round "1"]
[White "Fruteau, Sabine"]
[Black "Ippel, Cornelius J"]
[Result "1/2-1/2"]
[WhiteElo "2067"]
[BlackElo "1916"]
[PlyCount "64"]
[EventDate "2013.10.20"]
[EventType "swiss"]
[EventRounds "7"]

1. e4 e6 2. d4 d5 3. Nc3 Bb4 4. Qd3 Nc6 5. e5 f6 6. a3 Bxc3+ 7. bxc3 fxe5 8.
dxe5 Nxe5 9. Qg3 Ng6 10. Bd3 N8e7 11. Bg5 Qd6 12. f4 Nf5 13. Bxf5 exf5 14. Ne2
O-O 15. O-O b6 16. h4 Ba6 17. Rfe1 c5 18. h5 Nh8 19. h6 g6 20. Nc1 Rae8 21. Nd3
Bxd3 22. Qxd3 Nf7 23. Qb5 Rxe1+ 24. Rxe1 Nxg5 25. fxg5 Kf7 26. Qe2 Rd8 27. Qa6
Qd7 28. a4 Re8 29. Rxe8 Kxe8 30. a5 bxa5 31. Qf6 Qe7 32. Qc6+ Kf8 1/2-1/2

[Event "Guernsey Open 2013"]
[Site "Guernsey GCI"]
[Date "2013.10.20"]
[Round "1"]
[White "Marley, Andrew"]
[Black "Prins, Jan"]
[Result "0-1"]
[WhiteElo "1905"]
[BlackElo "2064"]
[PlyCount "96"]
[EventDate "2013.10.20"]
[EventType "swiss"]
[EventRounds "7"]

1. d4 d5 2. Nf3 c6 3. c4 Nf6 4. e3 g6 5. Nc3 Bg7 6. Be2 O-O 7. O-O Be6 8. Ne5
Nbd7 9. cxd5 Nxd5 10. Nd3 a5 11. Nxd5 Bxd5 12. Nf4 Nb6 13. Qc2 f5 14. Bd2 Bf7
15. Rfd1 e6 16. Nd3 g5 17. Ne5 Qc7 18. f4 g4 19. e4 Bg6 20. Qc5 Bxe5 21. fxe5
Nd7 22. Qe7 Rae8 23. Qh4 Qb6 24. Kh1 Rf7 25. Bc3 Qc7 26. Rf1 c5 27. exf5 exf5
28. e6 Rxe6 29. Bc4 Nf8 30. Bxe6 Nxe6 31. dxc5 Nxc5 32. Rad1 Rf8 33. Rd5 Ne4
34. Be5 Qc4 35. Rfd1 Qe2 36. Rd7 Re8 37. Qh6 Nf2+ 38. Kg1 Qxe5 39. Kxf2 f4 40.
Qh4 Qe3+ 41. Kf1 Qe2+ 42. Kg1 f3 43. gxf3 gxf3 44. Qf2 Re4 45. Rd8+ Kg7 46.
R8d7+ Kh6 47. R7d4 Rg4+ 48. Rxg4 Qxd1+ 0-1

[Event "Guernsey Open 2013"]
[Site "Guernsey GCI"]
[Date "2013.10.20"]
[Round "1"]
[White "Kuenstler, Siegfried"]
[Black "Milnes, Anthony CP"]
[Result "0-1"]
[WhiteElo "1885"]
[BlackElo "2054"]
[PlyCount "40"]
[EventDate "2013.10.20"]
[EventType "swiss"]
[EventRounds "7"]

1. e4 e6 2. d4 d5 3. exd5 exd5 4. h3 Bd6 5. Nf3 Bf5 6. Bd3 Ne7 7. O-O O-O 8. c3
Nbc6 9. Bxf5 Nxf5 10. Qd3 Qd7 11. a4 Rfe8 12. Na3 a6 13. b4 Nce7 14. Nc2 Ng6
15. Ne3 Nxe3 16. Bxe3 Nf4 17. Bxf4 Bxf4 18. g3 Qxh3 19. gxf4 Re6 20. Ne5 Rg6+
0-1

[Event "Guernsey Open 2013"]
[Site "Guernsey GCI"]
[Date "2013.10.20"]
[Round "1"]
[White "Schmitz, Andreas Arnold"]
[Black "Brookfield, Toby"]
[Result "1/2-1/2"]
[WhiteElo "2049"]
[BlackElo "1892"]
[PlyCount "66"]
[EventDate "2013.10.20"]
[EventType "swiss"]
[EventRounds "7"]

1. e4 c5 2. c3 d6 3. d4 Nf6 4. Bd3 cxd4 5. cxd4 g6 6. Nc3 Bg7 7. f3 O-O 8. Be3
Nc6 9. Rc1 e5 10. d5 Nd4 11. Nge2 Nh5 12. Qd2 f5 13. Bg5 Bf6 14. Bxf6 Qxf6 15.
Nxd4 exd4 16. Nb5 Bd7 17. O-O Rac8 18. Nxa7 Rxc1 19. Rxc1 fxe4 20. fxe4 Nf4 21.
Rf1 Qe5 22. Rd1 Ra8 23. Nb5 Nxd3 24. Qxd3 Bxb5 25. Qxb5 Qxe4 26. Qxb7 Re8 27.
Rf1 Qe3+ 28. Kh1 Qf2 29. Rg1 Re1 30. Qc8+ Kg7 31. Qd7+ Kh6 32. Qh3+ Kg7 33.
Qd7+ Kh6 1/2-1/2

[Event "Guernsey Open 2013"]
[Site "Guernsey GCI"]
[Date "2013.10.20"]
[Round "1"]
[White "Gravett, Alan D"]
[Black "Riedener, Toni"]
[Result "1/2-1/2"]
[WhiteElo "1868"]
[BlackElo "2045"]
[PlyCount "35"]
[EventDate "2013.10.20"]
[EventType "swiss"]
[EventRounds "7"]

1. g3 g6 2. Bg2 Bg7 3. d4 d6 4. e4 c5 5. Ne2 cxd4 6. Nxd4 Nc6 7. Nxc6 bxc6 8.
O-O Qc7 9. c4 Ba6 10. Na3 Nf6 11. Qa4 Nd7 12. Qxa6 Nc5 13. Nb5 Nxa6 14. Nxc7+
Nxc7 15. Rb1 O-O 16. Bg5 Rfe8 17. Rfd1 Ne6 18. Be3 1/2-1/2

[Event "Guernsey Open 2013"]
[Site "Guernsey GCI"]
[Date "2013.10.20"]
[Round "1"]
[White "Hewson, Brian WR"]
[Black "Murray, Jim"]
[Result "1-0"]
[WhiteElo "2034"]
[BlackElo "1868"]
[PlyCount "89"]
[EventDate "2013.10.20"]
[EventType "swiss"]
[EventRounds "7"]

1. d4 e6 2. Nf3 c5 3. e3 Nf6 4. Nbd2 d5 5. c3 Nc6 6. Bd3 Be7 7. O-O O-O 8. Qe2
Re8 9. Rd1 b6 10. e4 dxe4 11. Nxe4 Qc7 12. dxc5 bxc5 13. Nxf6+ Bxf6 14. Bg5 Bb7
15. Qe4 Bxg5 16. Qxh7+ Kf8 17. Nxg5 Ne5 18. Be4 Bxe4 19. Qxe4 Ke7 20. Re1 Nd7
21. Rad1 Nf6 22. Qc4 Rad8 23. h3 Rd6 24. b4 Rc8 25. b5 Rcd8 26. Rxd6 Rxd6 27.
Nf3 Nd7 28. Qh4+ Nf6 29. Qg5 Kf8 30. c4 Kg8 31. g3 Rd3 32. Ne5 Rd4 33. Qc1 Ne4
34. Nf3 Rd3 35. Rxe4 Rxf3 36. Re3 Rf5 37. Qd2 Kf8 38. a4 Rf6 39. a5 Ke7 40. Qc3
Kd7 41. Qe5 Rf5 42. Rd3+ Kc8 43. Qxg7 Kb7 44. Qf8 Re5 45. Qe8 1-0

[Event "Guernsey Open 2013"]
[Site "Guernsey GCI"]
[Date "2013.10.20"]
[Round "1"]
[White "Daly, Patrick"]
[Black "Goris, Ton"]
[Result "0-1"]
[WhiteElo "1865"]
[BlackElo "2031"]
[PlyCount "68"]
[EventDate "2013.10.20"]
[EventType "swiss"]
[EventRounds "7"]

1. d4 c5 2. c3 e6 3. e4 d5 4. exd5 Qxd5 5. Nf3 Nc6 6. Be3 cxd4 7. Nxd4 Nf6 8.
Nd2 Nxd4 9. Bxd4 Be7 10. Nf3 O-O 11. Bd3 Bd7 12. O-O Bc6 13. Re1 Rfd8 14. Re5
Qd7 15. Bc2 h6 16. Re3 Qc7 17. h3 b6 18. Qe2 Nd5 19. Rxe6 Nf4 20. Bh7+ Kxh7 21.
Qc2+ Kg8 22. Re3 Bxf3 23. Rxf3 Rxd4 24. Qf5 g6 25. Qb5 Rd2 26. Qb3 Rad8 27. Re1
Bc5 28. Qa4 Rxf2 29. Re8+ Rxe8 30. Qxe8+ Kg7 31. Rxf2 Nxh3+ 32. Kf1 Nxf2 33. b4
Qe7 34. Qc6 Nd3 0-1

[Event "Guernsey Open 2013"]
[Site "Guernsey GCI"]
[Date "2013.10.20"]
[Round "1"]
[White "Spanton, Timothy"]
[Black "Dennis, Nigel"]
[Result "1/2-1/2"]
[WhiteElo "2030"]
[BlackElo "1845"]
[PlyCount "185"]
[EventDate "2013.10.20"]
[EventType "swiss"]
[EventRounds "7"]

1. e4 c5 2. d4 cxd4 3. c3 dxc3 4. Nxc3 d6 5. Nf3 Nf6 6. Bc4 Nc6 7. O-O Bg4 8.
Be3 a6 9. Qe2 g6 10. Rfd1 Bg7 11. h3 Bxf3 12. gxf3 O-O 13. f4 b5 14. Bb3 Na5
15. e5 Nh5 16. Bd5 Rc8 17. Bf3 Nc4 18. Ne4 Qa5 19. Bxh5 gxh5 20. Qxh5 dxe5 21.
f5 Nxe3 22. fxe3 Qb6 23. Rd3 Qh6 24. Qf3 Rc2 25. Rad1 Rxb2 26. Rd8 Rxa2 27.
Rxf8+ Bxf8 28. f6 exf6 29. Nxf6+ Kh8 30. Kh1 Be7 31. Ng4 Qh5 32. Rc1 f5 33.
Rc8+ Kg7 34. Rg8+ Kxg8 35. Nf6+ Bxf6 36. Qxh5 Ra1+ 37. Kg2 Ra2+ 38. Kf1 Ra1+
39. Ke2 Ra2+ 40. Kd1 Ra1+ 41. Kc2 Rf1 42. Qh6 Rf2+ 43. Kd1 Bg7 44. Qxa6 f4 45.
Qxb5 fxe3 46. Qe8+ Rf8 47. Qe6+ Kh8 48. Ke2 h6 49. Kxe3 Kh7 50. h4 Rf6 51. Qe7
Rf5 52. Qd7 Rf8 53. h5 Kh8 54. Qe6 Rf1 55. Ke4 Rf4+ 56. Kd5 Rd4+ 57. Kc6 Rd1
58. Kb5 Rc1 59. Kb6 Kh7 60. Qd5 Kh8 61. Kb7 Rc3 62. Qd2 Rc5 63. Qd3 Rc1 64. Qe3
Rc2 65. Qa3 Rc4 66. Qa8+ Kh7 67. Kb6 Rc1 68. Qf3 Kh8 69. Qe4 Rc8 70. Qd5 Rc3
71. Kb5 Rc1 72. Kb4 Bf8+ 73. Kb3 Bg7 74. Qd7 Rc5 75. Qe7 Rc1 76. Kb2 Rc8 77.
Qd7 e4+ 78. Kb1 Rc3 79. Qe8+ Kh7 80. Qxe4+ Kh8 81. Qb4 Kh7 82. Qb8 Rc5 83. Ka2
Rc2+ 84. Ka3 Rb2 85. Qe8 Rb6 86. Qf7 Rb8 87. Qc7 Rb2 88. Qd6 Bf8 89. Qxf8 Ra2+
90. Kb3 Rb2+ 91. Kc4 Rc2+ 92. Kd5 Rd2+ 93. Ke6 1/2-1/2

[Event "Guernsey Open 2013"]
[Site "Guernsey GCI"]
[Date "2013.10.20"]
[Round "1"]
[White "Cummins, John"]
[Black "Bolt, Graham"]
[Result "0-1"]
[WhiteElo "1844"]
[BlackElo "2026"]
[PlyCount "84"]
[EventDate "2013.10.20"]
[EventType "swiss"]
[EventRounds "7"]

1. d4 g6 2. Nf3 Bg7 3. Bf4 d6 4. e3 Nd7 5. Bd3 e5 6. Bg3 Qe7 7. dxe5 dxe5 8.
Nc3 c6 9. h3 Ngf6 10. Nd2 O-O 11. Nce4 Nc5 12. Nxc5 Qxc5 13. O-O Re8 14. Qc1 b5
15. Ne4 Nxe4 16. Bxe4 Be6 17. c3 f5 18. Bc2 Bf6 19. Rd1 a5 20. Bb3 Bxb3 21.
axb3 Qe7 22. Qc2 Red8 23. Rxd8+ Qxd8 24. Rd1 Qc7 25. Rd2 Rd8 26. Qd1 Rxd2 27.
Qxd2 Kf7 28. Kf1 Ke6 29. Ke2 Qa7 30. f3 a4 31. bxa4 Qxa4 32. Be1 Qc4+ 33. Kd1
e4 34. f4 c5 35. Qc2 Kd5 36. Kc1 Kc6 37. b4 cxb4 38. cxb4 Kd5 39. Kd1 Qxc2+ 40.
Kxc2 Kc4 41. g4 Be7 42. Bf2 Bxb4 0-1

[Event "Guernsey Open 2013"]
[Site "Guernsey GCI"]
[Date "2013.10.20"]
[Round "1"]
[White "Kraft, Karl H"]
[Black "Murray, Steve"]
[Result "1/2-1/2"]
[WhiteElo "2023"]
[BlackElo "1844"]
[PlyCount "63"]
[EventDate "2013.10.20"]
[EventType "swiss"]
[EventRounds "7"]

1. e4 c5 2. c3 e6 3. Nf3 Nc6 4. d4 cxd4 5. cxd4 d5 6. exd5 exd5 7. Bb5 Bb4+ 8.
Nc3 Nf6 9. Qe2+ Be6 10. O-O O-O 11. Bg5 Rc8 12. h3 Re8 13. Bxc6 Rxc6 14. Ne5
Rc8 15. Rac1 Bxc3 16. Rxc3 Rxc3 17. bxc3 h6 18. Bxf6 Qxf6 19. Qb5 Qe7 20. Re1
Rc8 21. Re3 Rc7 22. c4 dxc4 23. d5 Bd7 24. Qa5 Qd6 25. Qxa7 Qxd5 26. Qa3 Be6
27. Qc3 Rc5 28. f4 b5 29. Rg3 f6 30. Ng6 Kf7 31. Nh8+ Kf8 32. Ng6+ 1/2-1/2

[Event "Guernsey Open 2013"]
[Site "Guernsey GCI"]
[Date "2013.10.20"]
[Round "1"]
[White "Reutimann, Hans Peter"]
[Black "Campbell, Ian"]
[Result "0-1"]
[WhiteElo "1830"]
[BlackElo "2004"]
[PlyCount "86"]
[EventDate "2013.10.20"]
[EventType "swiss"]
[EventRounds "7"]

1. d4 Nf6 2. Nf3 b6 3. Bf4 Bb7 4. e3 d6 5. Nbd2 Nbd7 6. c3 g6 7. Bc4 e6 8. O-O
Bg7 9. a4 a6 10. Qc2 O-O 11. Rfe1 Qe8 12. h3 e5 13. dxe5 Nxe5 14. Nxe5 dxe5 15.
Bg3 Rd8 16. Be2 Qe7 17. Rad1 h6 18. c4 Rfe8 19. Nb3 Ne4 20. Bf3 f5 21. a5 Kh7
22. Nd2 Nc5 23. Bxb7 Nxb7 24. axb6 cxb6 25. Nf3 Qc5 26. b3 Na5 27. Bh4 Rxd1 28.
Rxd1 Nc6 29. Rd5 Qf8 30. Qd2 e4 31. Nd4 Nxd4 32. exd4 f4 33. Qd1 g5 34. Bxg5
hxg5 35. Qh5+ Kg8 36. Qxg5 e3 37. fxe3 fxe3 38. Rf5 Qe7 39. Qg3 e2 40. Re5 Qf7
41. Rxe8+ Qxe8 42. Qg5 e1=Q+ 43. Kh2 Qb8+ 0-1

[Event "Guernsey Open 2013"]
[Site "Guernsey GCI"]
[Date "2013.10.21"]
[Round "2"]
[White "Tiviakov, Sergei"]
[Black "Havenaar, Jan"]
[Result "1-0"]
[WhiteElo "2652"]
[BlackElo "2072"]
[PlyCount "77"]
[EventDate "2013.10.20"]
[EventType "swiss"]
[EventRounds "7"]

1. e4 c5 2. c3 g6 3. d4 cxd4 4. cxd4 d5 5. e5 Nc6 6. Nc3 Bg7 7. Bb5 e6 8. Nf3
Bd7 9. O-O Nge7 10. Bf4 O-O 11. Qd2 Nf5 12. Bg5 f6 13. exf6 Bxf6 14. Bxf6 Qxf6
15. Bxc6 Bxc6 16. Ne5 Rac8 17. Rfe1 Rc7 18. Rad1 g5 19. Ng4 Qg6 20. Re5 Rg7 21.
Rde1 Bd7 22. R5e2 Bc8 23. Ne5 Qf6 24. f3 h5 25. Rf2 Qd8 26. Ne2 Rf6 27. Ng3
Nxg3 28. hxg3 Rf8 29. g4 h4 30. f4 gxf4 31. Rxf4 Rxf4 32. Qxf4 Bd7 33. Rf1 Bb5
34. Rf2 Qa5 35. Kh2 Qe1 36. Qf6 Qe3 37. Rf3 Qxd4 38. Qxe6+ Kh7 39. Rf5 1-0

[Event "Guernsey Open 2013"]
[Site "Guernsey GCI"]
[Date "2013.10.21"]
[Round "2"]
[White "Prins, Jan"]
[Black "Hillarp Persson, Tiger"]
[Result "0-1"]
[WhiteElo "2064"]
[BlackElo "2557"]
[PlyCount "85"]
[EventDate "2013.10.20"]
[EventType "swiss"]
[EventRounds "7"]

1. d4 e6 2. c4 c5 3. Nf3 cxd4 4. Nxd4 a6 5. e3 Nf6 6. Nc3 Nc6 7. Nxc6 bxc6 8.
Be2 d5 9. O-O Bd6 10. Bf3 O-O 11. g3 Be5 12. a4 a5 13. Re1 Ba6 14. cxd5 exd5
15. Bg2 Re8 16. h3 Rb8 17. Bf1 Bxf1 18. Rxf1 Qd7 19. Kg2 h5 20. Ra3 Rb4 21. f4
Bd6 22. Na2 Rb6 23. Rb3 Rxb3 24. Qxb3 Qf5 25. Qd1 Bc5 26. Rf3 Rb8 27. Nc3 Ne4
28. Nxe4 Qxe4 29. Kh2 Rb4 30. Rf2 Rc4 31. b3 Rxc1 32. Qxc1 Bxe3 33. Qc2 Bxf2
34. Qxf2 d4 35. Qa2 d3 36. Kg1 Qf3 37. Qd2 Qd5 38. Qd1 d2 39. Kf2 Qd3 40. g4 h4
41. f5 c5 42. g5 Qxh3 43. f6 0-1